000
00319nam a2200121Ia 4500
005
20251222144828.0
008
251222s9999||||xx |||||||||||||| ||spa||
082
_a
690.021.2/C24
245
0
_a
Reglamento Nacional de Construcciones:
250
_a
12a.ed.
264
_b
Cámara Peruana de la Construcción
942
_c
LIB
999
_c
20737
_d
20737